000 00674nam a2200217Ii 4500
003 JO-AjNU
008 230606s9999||||xx |||||||||||||| ||und||
020 _a978-1-4130-1773-8
040 _aJO-AjNU
_beng
_erda
_cJO-AjNU
041 _aeng
050 1 4 _aP106.F75 2007
100 3 _aFromkin,Victoria تاليف/Rodman,Robert تأليف/Hyams,Ninaتأليف,
_eauthor
_92052
245 0 3 _aAn Introduction To Language
250 _a8 ed
264 3 1 _aUSA:Thomson Wadsworth,2007
300 _a586p
336 _atext
_btxt
_2rdacontent
337 _aunmediated
_bn
_2rdamedia
338 _avolume
_bnc
_2rdacarrier
650 4 _aAn Introduction To Language -Language
_92053
999 _aE1078
_c1078
_d1078